000 00411cam a22001217a 4500
008 180718b1982 xxu||||| |||| 00| 0 eng d
082 _aA81x54 In2/71/1/Pt2A/3
100 _aCensus of India 1971
245 _aIndia: general population tables (standard urban areas)
260 _aDelhi
_bThe Controller of Publications
_c1982
300 _a161+p.
440 _aCensus of India 1971. Series-1, India. Part II-A (iii)
999 _c484791
_d484791